<?xml version="1.0" encoding="UTF-8"?>
<record
    xmlns:xsi="http://www.w3.org/2001/XMLSchema-instance"
    xsi:schemaLocation="http://www.loc.gov/MARC21/slim http://www.loc.gov/standards/marcxml/schema/MARC21slim.xsd"
    xmlns="http://www.loc.gov/MARC21/slim">

  <leader>02320cam a2200277zi 4500</leader>
  <controlfield tag="001">17651589</controlfield>
  <controlfield tag="005">20250709142019.0</controlfield>
  <controlfield tag="008">240907s2025    enk      b    001 0 eng d</controlfield>
  <datafield tag="020" ind1=" " ind2=" ">
    <subfield code="a">1350414832</subfield>
  </datafield>
  <datafield tag="020" ind1=" " ind2=" ">
    <subfield code="a">9781350414839</subfield>
  </datafield>
  <datafield tag="020" ind1=" " ind2=" ">
    <subfield code="a">9781350414846</subfield>
  </datafield>
  <datafield tag="024" ind1="8" ind2=" ">
    <subfield code="a">60002564117</subfield>
  </datafield>
  <datafield tag="035" ind1=" " ind2=" ">
    <subfield code="a">(NhCcYBP)om5003910950</subfield>
  </datafield>
  <datafield tag="035" ind1=" " ind2=" ">
    <subfield code="a">17651589</subfield>
  </datafield>
  <datafield tag="040" ind1=" " ind2=" ">
    <subfield code="a">NhCcYBP</subfield>
    <subfield code="b">eng</subfield>
    <subfield code="e">rda</subfield>
    <subfield code="c">NhCcYBP</subfield>
  </datafield>
  <datafield tag="041" ind1=" " ind2=" ">
    <subfield code="a">English</subfield>
  </datafield>
  <datafield tag="050" ind1=" " ind2="4">
    <subfield code="a">BJ1535.L9</subfield>
    <subfield code="b">A76 2025</subfield>
  </datafield>
  <datafield tag="100" ind1=" " ind2=" ">
    <subfield code="a">Armitage, John</subfield>
    <subfield code="d">1956-</subfield>
    <subfield code="e">author.</subfield>
    <subfield code="0">http://id.loc.gov/authorities/names/no00103126</subfield>
  </datafield>
  <datafield tag="245" ind1="1" ind2="0">
    <subfield code="a">Luxury philosophy </subfield>
    <subfield code="c">/ John Armitage.</subfield>
  </datafield>
  <datafield tag="264" ind1=" " ind2="1">
    <subfield code="a">London ;</subfield>
    <subfield code="a">New York :</subfield>
    <subfield code="b">Bloomsbury Academic,</subfield>
    <subfield code="c">2025.</subfield>
  </datafield>
  <datafield tag="300" ind1=" " ind2=" ">
    <subfield code="a">207 pages ;</subfield>
    <subfield code="c">24 cm</subfield>
  </datafield>
  <datafield tag="505" ind1=" " ind2=" ">
    <subfield code="a">Luxury Philosophy: An Introduction &#x2014;
Jean-Jacques Rousseau: Luxury as the Enervation of Virtue &#x2014;
Jean Fran&#xE7;ois de Saint-Lambert: The Luxury of Appearances &#x2014;
Karl Marx: Luxury is the Opposite of the Necessary &#x2014;
Emmanuel Levinas: A Philosophy of Voluptuosity &#x2014;
Georges Bataille: Luxury as Expenditure &#x2014;
Theodor W. Adorno: The Dual Character of Luxury &#x2014;
Roland Barthes: Luxury Mythology &#x2014;
Luxury Philosophy Today: A Conclusion.</subfield>
  </datafield>
  <datafield tag="520" ind1=" " ind2=" ">
    <subfield code="a">Luxury has been associated with superficiality, consumerism and meaninglessness throughout the history of serious philosophical thought. How could something so obviously about the external possibly be existentially significant or even a profound concept? Luxury Philosophy carves out alternative modes of understanding the luxurious arguing that the negative characterization by 18th- and 19th-century philosophers of luxury as dissatisfaction or as an evil enjoyed by the idle rich gave way in the 20th century and beyond to more positive, even potentially revolutionary, theories of luxury as voluptuousity, squander, uselessness, and abundance.

John Armitage charts the history of continental theories of luxury which embody a wide variety of disciplines and methods, including philosophy, sociology, and cultural studies, revealing the depth of contemporary critical luxury studies. Luxury Philosophy provides profound insights for all those interested in the nature, causes, and principles of sumptuous living and surroundings, knowledge of pleasure, or the values of comfort and desire.</subfield>
  </datafield>
  <datafield tag="650" ind1=" " ind2="0">
    <subfield code="a">Luxury</subfield>
    <subfield code="x">Philosophy.</subfield>
  </datafield>
  <datafield tag="942" ind1=" " ind2=" ">
    <subfield code="2">lcc</subfield>
  </datafield>
  <datafield tag="952" ind1=" " ind2=" ">
    <subfield code="0">0</subfield>
    <subfield code="1">0</subfield>
    <subfield code="2">lcc</subfield>
    <subfield code="4">0</subfield>
    <subfield code="7">0</subfield>
    <subfield code="a">TBS</subfield>
    <subfield code="b">TBS</subfield>
    <subfield code="d">2025-07-09</subfield>
    <subfield code="l">0</subfield>
    <subfield code="o">BJ1535.L9 ARM</subfield>
    <subfield code="r">2025-07-09</subfield>
    <subfield code="t">1</subfield>
    <subfield code="w">2025-07-09</subfield>
    <subfield code="y">1</subfield>
    <subfield code="z">SOON AVAILABLE</subfield>
  </datafield>
  <datafield tag="999" ind1=" " ind2=" ">
    <subfield code="c">4846</subfield>
    <subfield code="d">4846</subfield>
  </datafield>
</record>
